00597nam a22001937a 450000500170000001000150001702000260003203500140005803700090007208200110008110000230009224501110011525000100022626000390023627001010027530000210037670000030039770000030040020250108112121.0 aENG-143244 c595.00a9789383848485 aEN-126776 bDBAD a370.15 aAbhay Prasad Singh aDevelopment Process and Social Movements in Contemporary India:bpinnacle Learning/cBy Abhay Prasad Singh aThird aNew DelhibPinnacle Learningc2023 bNew Delhia24, D.D.A Shopping Complex Ber Sarai,e110016k65664085mpinnaclelearning@hotmail.com a324p.c23cm(pbk)